000 00639nam a2200205Ia 4500
001 1070
003 GE_BSU
008 181216s||||||||xx |||||||||||||| ||und||
040 _cGE_BSU
080 _a811.161.1
245 _aСтилистика текста в коммуникативном аспекте
245 _bМежвузовский сборник научных трудов
260 _aПермь
260 _bПермский гос. ун-т
260 _c1987
300 _a168стр.
541 _h7л.
653 _aСтилистика текста в коммуникативном аспекте
942 _cBK
999 _c35224
_d35224